| 000 | 00517nam a2200181 a 4500 | ||
|---|---|---|---|
| 001 | 25027 | ||
| 005 | 20180713223321.0 | ||
| 008 | 140415s1969 000 0 spa d | ||
| 041 | _aspa | ||
| 082 |
_a338.1 _bRAU |
||
| 100 | 1 | _aRAUTENSTRAUCH, WALTER | |
| 245 | 1 | 0 | _aECONOMIA DE LAS EMPRESAS INDUSTRIALES |
| 260 |
_a[s.l.] : _bFONDO DE CULTURA ECONOMICA, _c1969 |
||
| 300 | _a510 | ||
| 490 | _aSECCION DE OBRAS DE ECONOMIA | ||
| 650 | 1 | 4 | _aECONOMIA INDUSTRIAL |
| 700 | 1 |
_aVILLERS, RAYMOND _ecoaut. |
|
| 999 |
_c25027 _d25027 |
||